MDQL
is popping MORE tags! Check the
thread
!
Quizzes
Events
Quiz Creation
Community
Videos
Private Events
Remove Ads
Sign In
Join for FREE
Feedback
Dark Mode
Quiz Categories
Sports
Geography
Music
Movies
Television
Just For Fun
Miscellaneous
History
Literature
Language
Science
Gaming
Entertainment
Religion
Holiday
For Kids
Quiz Lab
Recent
Popular Today
Quiz Kudos Today
Editor Picks
Curator Picks
Quizzes by...
Day
Popularity
Type
Ratings
Length
Year
Community
Subscriptions
Recent Discussions
Orange Saloon
Badges
Playlists
Quests
Create
Leaderboards
Showdown
Live 5
Trivia Bingo
Activity
Puzzle Library
Sporcle Events
Private Events
Virtual Trivia
Globe League
Become a Host
Pub Owners
SporcleCon
Opinionation
Our Games
Videos
Blog
Mobile Apps
Partnerships
Remove Ads and Go Orange
Feedback
Sports
Athletes
MLB
NBA
NHL
NFL
Soccer
Sports Teams
WWE
NCAA
Football
Premier League
Basketball
Baseball
Hockey
Golf
Tennis
Cricket
Rugby
Auto Racing
Olympics
World Cup
Sports
Athletes
MLB
NBA
NHL
NFL
Soccer
Sports Teams
WWE
NCAA
Football
Premier League
Basketball
Baseball
Hockey
Golf
Tennis
Cricket
Rugby
Auto Racing
Olympics
World Cup
Random Quiz
Search Sporcle
×
Quiz Lab
Quiz Lab
Sports
Scorer
Type in answers that appear in a list
Type in answers that appear in a list
Classic
Best Score? Go Orange.
GET League Points 09-15 Stats
Can you name the GET League Top Point scorers for each team between 09-15?
By
tobiaseiken1971
15m
40 Questions
35 Plays
35 Plays
35 Plays
Comments
Comments
Give Quiz Kudos
Give Quiz Kudos
-
- Ratings
hide this ad
Replay
Link that replays current quiz
Next Quiz
Link to next quiz in quiz playlist
You Got
0%
They Got
Avg Score
47%
Avg Friend Score
Upgrade to see
Score Distribution
Jump to the score distribution portion of the page
Score
0/40
Timer
15:00
0
Plays Today
Club
Player
% Correct
Stavanger Oilers
Christian Dahl Andersen
88.6%
Stavanger Oilers
Martin Strandfeldt
85.7%
Sparta
Jonas Andersen
80%
Stavanger Oilers
Dan Kissel
77.1%
Storhamar
Christian Larrivee
74.3%
Lørenskog
James Sixsmith
71.4%
Storhamar
Pål Johnsen
71.4%
Sparta
Henrik Malmström
68.6%
Lørenskog
Knut Henrik Spets
65.7%
Lørenskog
Lars Erik Spets
65.7%
Storhamar
Joakim Jensen
65.7%
Frisk-
Asker
Petter Kristiansen
62.9%
Sparta
Dion Knelsen
62.9%
Vålerenga
Morten Ask
62.9%
Stavanger Oilers
Juha-Pekka Loikas
60%
Lørenskog
Kenny Corupe
57.1%
Storhamar
Eirik Skadsdammen
57.1%
Vålerenga
Mathias Trygg
57.1%
Vålerenga
Daniel Sørvik
54.3%
Vålerenga
Steffen Thoresen
51.4%
Club
Player
% Correct
Sparta
Petter Witnes
45.7%
Lillehammer
Gino Guyer
42.9%
Lillehammer
Alexander Reichenberg
40%
Lillehammer
Dag Morten Wehn
40%
Frisk-
Asker
Mikael Dokken
37.1%
Lillehammer
Joakim Eidsæther
37.1%
Sparta
Niklas Roest
37.1%
Lørenskog
Mats Frøshaug
34.3%
Stavanger Oilers
Peter Lorentzen
31.4%
Vålerenga
Blake Evans
31.4%
Lillehammer
Justin Bostrom
28.6%
Storhamar
Nathan Martz
28.6%
Frisk-
Asker
Torstein Nordrum
22.9%
Stjernen
Göran Hermansson
22.9%
Stjernen
Robin Olsen Syversen
20%
Stjernen
Tomas Sinisalo
20%
Frisk-
Asker
Eric Castonguay
17.1%
Stjernen
Gustaf Thorell
14.3%
Frisk-
Asker
Rene Corbet
11.4%
Stjernen
Aleksandrs Macijevskis
2.9%
Quiz Playlist
Details
Report
Send in Message
Add To Playlist
Classic:
Type in answers that appear in a list
Last Updated: Feb 16, 2017
Quiz Scoreboard
CHALLENGE
Sign Up to Join the Scoreboard
Show All
Scores
Hide
Comments
May contain spoilers
Recently Published
5x2 Blitz: Bands
by SL_Kpop136
Music
30s
Colored Red Africa Blitz
by spor1
Geography
30s
Find the 'City' Movie
by crazypaving
Movies
60s
More to Explore
Quiz From the Vault
Featured Blog Post
14 Easter Pick-up Lines to Find Eggs With
hide this ad
You Might Also Like...
Tags
League
point
Scorer
team
Today's Top Quizzes in Sports
Browse Sports
hide this ad
Today's Top Quizzes in Scorer
Browse Scorer
Top Contributed Quizzes in Sports
1
Les entraîneurs de l'OM et du PSG au 21e siècle
2
Les meilleurs buteurs des matchs entre le PSG et l’OM
3
Les joueurs passés par le PSG et l'OM
4
Players with Multiple 50 Home Run Seasons
5
2022 World Cup Stars
6
Criteria MLB: Left Handed Sluggers
7
NBA Logic Puzzle 2.0
8
MLB Players with Two .350 Batting Average Seasons
9
Top 10 NHL Goal Scorers of All Time
10
Les joueurs passés par le LOSC et le RC Lens
Explore More
Trending Topics
NBA
Harry Potter
Disney
Marvel
Kpop
Anime
Crossword
Song
Pokémon
WWE
Puzzle
NFL
Soccer
Country
The Office
hide this ad
More By:
tobiaseiken1971
Quiz
Plays
Rating
Category
Featured
Created
GET Ligaen Top Goalies 03-15
57
Sports
Jan 3, 2016
Norway Olympic Hockey Teams
57
Sports
Jan 3, 2016
Stavanger Oilers Championship Teams
49
Sports
Jan 4, 2016
Stavanger Oilers Top Five Points
36
Sports
Jan 1, 2016
GET League Points 09-15
35
Sports
Dec 31, 2015
Go to Creator's Profile
Score Distribution
Quiz Creator Spotlight
tobiaseiken1971
Follow
Send a Message
Quizzes Created
-
Created Quiz Play Count
-
More By This Creator
Popular Quizzes Today
1
Colored Red Africa Blitz
2
Find the 'City' Movie
3
Find the US States - No Outlines Minefield
4
5x2 Blitz: Bands
5
The Countries of the World
6
Find the US States
7
US States
8
Find the Countries of Europe - No Outlines Minefield
More Sports Quizzes
NHL 2019-2020 Captains and Assistants
Quiz Lab
Trending Quizzes
Colored Red Europe Blitz I
Colored Red Africa Blitz II
Colored Red Europe Blitz II
Colored Red Europe Blitz III
Colored Red Africa Blitz III
Recently Updated
How Do You Spell That?
pecheneg
Godzilla Movies
pecheneg
Grab Bag: 4-10 Letters
pecheneg
2024 March Madness Bracket
pecheneg
Famous TV Couples
Peacemaker
Champions League XIs: Real Madrid
pecheneg
Largest US Cities 1790-2010
pecheneg
Rides in Walt Disney World
pecheneg
Most Oscar Losses (Acting)
pecheneg
Beyoncé Albums
pecheneg
Trending Topics
Harry Potter
NBA
Marvel
Kpop
Disney
Crossword
Anime
Pokémon
NFL
Soccer
The Office
Puzzle
Country
Song
WWE
Your Account Isn't Verified!
In order to create a playlist on Sporcle, you need to verify the email address you used during registration. Go to your
Sporcle Settings
to finish the process.
Report this User
Report this user for behavior that violates our
Community Guidelines
.
Details:
Send Report
Go to the Sporcle.com Mobile Site →
Comments